000
00342nam a2200145Ia 4500
008
150201s2004 xx 000 0 und d
082
_a
617
_b
S04K
100
_a
KILPADI,ARUN B
245
_a
SHORT NOTES IN SURGERY FOR UG
250
_a
1ST
260
_b
JAYPEE BROTHERS
_a
DELHI
_c
2004
300
_a
1-196
650
_a
SURGERY
942
_2
ddc
_c
BK
999
_c
156
_d
156